书目信息 |
| 题名: |
大学英语精读指南(5-6册)
|
|
| 作者: | 任永华 主编 | |
| 分册: | ||
| 出版信息: | 上海 华东化工学院出版社 2000.08 |
|
| 页数: | 552页 | |
| 开本: | 20cm | |
| 丛书名: | ||
| 单 册: | ||
| 中图分类: | H319.4 | |
| 科图分类: | ||
| 主题词: | 英语 | |
| 电子资源: | ||
| ISBN: | 7-5628-1031-1 | |
| 000 | 00573nam0 2200193 45 | |
| 001 | 0459190947 | |
| 005 | 20041021154853.78 | |
| 010 | @a7-5628-1031-1@dCNY 19.00 | |
| 100 | @a20040512d2000 km y0chiy0120 ea | |
| 101 | 0 | @achi |
| 102 | @aCN@b310000 | |
| 200 | 1 | @a大学英语精读指南(5-6册)@ADa Xue Ying Yu Jing Du Zhi Nan(5-6 Ce)@f任永华等主编@FRen Yong Hua Deng Zhu Bian |
| 210 | @a上海@c华东化工学院出版社@d2000.08 | |
| 215 | @a552页@d20cm | |
| 606 | 0 | @a英语 |
| 690 | @aH319.4@v4 | |
| 701 | 0 | @a任永华@ARen Yong Hua@4主编 |
| 801 | 0 | @aCN@bPFT@c20041021 |
| 905 | @dH319.4@eR572 | |
| 大学英语精读指南(5-6册)/任永华等主编.-上海:华东化工学院出版社,2000.08 |
| 552页;20cm |
| ISBN 7-5628-1031-1:CNY 19.00 |
| ● |
| 相关链接 |
|
|
|
正题名:大学英语精读指南(5-6册)
索取号:H319.4/R572
 
预约/预借
| 序号 | 登录号 | 条形码 | 馆藏地/架位号 | 状态 | 备注 |
| 1 | 397762 | 203977624 | 语言库209/209语言库 48排2列1层/ [索取号:H319.4/R572] | 在馆 | |
| 2 | 397763 | 203977633 | 语言库209/209语言库 48排2列1层/ [索取号:H319.4/R572] | 在馆 | |
| 3 | 397764 | 203977642 | 语言库209/209语言库 48排2列1层/ [索取号:H319.4/R572] | 在馆 | |
| 4 | 421927 | 204219274 | 语言库209/209语言库 48排2列1层/ [索取号:H319.4/R572] | 在馆 | |
| 5 | 421928 | 204219283 | 语言库209/209语言库 48排2列1层/ [索取号:H319.4/R572] | 在馆 | |
| 6 | 421929 | 204219292 | 语言库209/209语言库 48排2列1层/ [索取号:H319.4/R572] | 在馆 |